000 00309nam a2200121Ia 4500
005 20260328104257.0
008 260328s9999||||xx |||||||||||||| ||und||
100 _aLe Corbusier
245 0 _aLe Corbusier en el Río de Plata ,1929 /
_cLe Corbusier
260 _bCedodal
650 _aARQUITECTOS
942 _cBK
999 _c10465
_d10465